00301nam a2200109Ia 4500008004100000041000800041100002200049245002800071260005600099650001500155999002100170240109s9999 xx 000 0 und d aeng aE.Jerome McCarthy aEssentials of Marketing bRichard D Irwin ,Homewood,Irvin Dersey Ltd.Ontario  aManagement c1020883d1020883